| 000 | 00454ntaaa2200145 4500 | ||
|---|---|---|---|
| 003 | 01 | ||
| 005 | 20251027202019.0 | ||
| 008 | 0714s1973 ag 01 | ||
| 040 |
_aAR-BaBN _bspa _cAR-BaBN _eaacr _dRIC |
||
| 082 | _a261.7000 I34 | ||
| 245 | _aMemorial ajustado de los diversos espedientes seguidos sobre la provisión de obispos en esta iglesia de Buenos Aires | ||
| 250 |
_a1 ed. : _bImprenta Argentina, _c1834 |
||
| 650 |
_aIglesia Catolica _9476 |
||
| 942 | _cBK | ||
| 999 |
_c14889 _d14889 |
||